Mentor in English Core XII (Record no. 11163)

MARC details
000 -LEADER
fixed length control field 00261nam a22000977a 4500
008 - FIXED-LENGTH DATA ELEMENTS--GENERAL INFORMATION
fixed length control field 180927b ||||| |||| 00| 0 eng d
020 ## - INTERNATIONAL STANDARD BOOK NUMBER
International Standard Book Number 9788182966772
100 ## - MAIN ENTRY--PERSONAL NAME
Personal name CBSE
9 (RLIN) 6925
245 ## - TITLE STATEMENT
Title Mentor in English Core XII
Remainder of title CBSE Syllabus
260 ## - PUBLICATION, DISTRIBUTION, ETC. (IMPRINT)
Place of publication, distribution, etc. New Delhi
Name of publisher, distributor, etc. CBSE
Date of publication, distribution, etc. 2018
Holdings
Withdrawn status Lost status Source of classification or shelving scheme Damaged status Koha normalized classification for sorting Not for loan Home library Current library Shelving location Date acquired Total Checkouts Full call number Barcode Date last seen Date last checked out Price effective from Koha item type
    Dewey Decimal Classification   CBS_425_000000000000000   Good Samaritan School Library Good Samaritan School Library English 09/27/2018 3 CBS425 CBS15156 08/19/2025 08/11/2025 09/27/2018 BOOK

Powered by Koha